KOHA-Header-6

The Concise Time Management and Personal Development (Record no. 8833)

000 -LEADER
fixed length control field 00290nam a2200109Ia 4500
100 ## - MAIN ENTRY--AUTHOR NAME
Personal name John Adair,
245 #4 - TITLE STATEMENT
Title The Concise Time Management and Personal Development
260 ## - PUBLICATION, DISTRIBUTION, ETC. (IMPRINT)
Place of publication New Delhi
Name of publisher Prentice Hall
Year of publication 1999
300 ## - PHYSICAL DESCRIPTION
Number of Pages 804
942 ## - ADDED ENTRY ELEMENTS (KOHA)
Koha item type Books
Holdings
Withdrawn status Lost status Collection code Permanent Location Current Location Shelving location Date acquired Full call number Accession Number Koha item type
    Management MAJU MAJU   2019-09-14 658.575 3886 Management

Powered by Koha